000 00408nam a2200169Ia 4500
008 131103s9999 xx 000 0 und d
020 _a0 8091 2125 5
040 _aLoreto College
041 _aEnglish
082 _aMIS/SCH
_bLCBED/9309
245 _aJoy in parenting
260 _aNew York
_bPaulist
_c1978
300 _a191p.
_b ill.
_c 22cm.
650 _aMis
850 _aLCBED/MIS/SCH
942 _cBK
999 _c34516
_d84995